| 000 | 00543nam a22002057a 4500 | ||
|---|---|---|---|
| 003 | PILC | ||
| 005 | 20160119103444.0 | ||
| 008 | 130909t xxu||||| |||| 00| 0 eng d | ||
| 020 | _a9780006476061 | ||
| 050 |
_aPZ 3.B152 _b.Ar671 1994 |
||
| 082 |
_aFIC _bAr2h 1993 |
||
| 100 |
_aArcher, Jeffrey _917285 |
||
| 245 |
_aHonour among thieves _cJeffrey Archer |
||
| 260 |
_aGreat Britain : _bHarper Collins Publishers, _cc1994. |
||
| 300 |
_a478 p. : _c18 cm. |
||
| 562 | _e1 | ||
| 650 |
_aFiction. _9746 |
||
| 942 |
_2lcc _cBK |
||
| 999 |
_c10736 _d10736 |
||